000 01389nam a2200313Ia 4500
999 _c5310
_d5310
003 OSt
005 20200515223527.0
008 191128s1995 sp ad gr 001 0 spa d
020 _a8485855760
040 _aCO-JMCR
_cCO-JMCR
041 0 _aspa
082 0 4 _a330 /
_bS961a
_223
100 1 _aSuriñach Caralt, Jordi,
_eautor
_94439
245 1 0 _aAnálisis económico regional :
_bnociones básicas de la teoría de la conintegración /
_cJordi Suriñach Caralt, Manuel Artís Ortuño, Enrique López Bazo y Andreu Sansó Rosselló
250 _aPrimera edición
260 _aBarcelona :
_bAntoni Bosch editor : Fundació Bosch i Gimpera,
_c1995
300 _a181 páginas :
_bgráficos a blanco y negro ;
_c21 cm.
500 _aIncluye índice analítico.
504 _aBibliografía: páginas 167-181
505 0 _aEstacionariedad e integrabilidad -- Cointegración -- Integrabilidad y cointegración en datos estacionales -- Aplicación de la cointegración al análisis de la convergencia entre magnitudes económicas regionales
650 1 4 _aEconomía regional
_93020
650 1 4 _aPlanificación regional
_94440
650 1 4 _aAnálisis económico
_91810
650 1 4 _aCointegración
_94441
700 1 _aArtís Ortuño, Manuel,
_eautor
_94442
700 1 _aLópez Bazo, Enrique,
_eautor
_94443
700 1 _aSansó Rosselló, Andreu,
_eautor
_94444
942 _2ddc
_cBK